Kto rządził w Europie w roku 1939? - Statystyki

Ogólne statystyki
  • Ten quiz został rozwiązany 138 razy
  • Średni wynik to 3 z 26
Statystyki odpowiedzi
Państwo Przywódca % Poprawnych
III Rzesza Adolf Hitler
96%
ZSRR Józef Stalin
75%
Włochy Benito Mussolini
46%
Polska Ignacy Mościcki
44%
Węgry Miklós Horthy
9%
Bułgaria Borys III
4%
Czechosłowacja Edvard Benes
3%
Litwa Antanas Smetona
2%
Portugalia António de oliveira salazar
2%
Francja Edouard Daladier
2%
Albania Ahmed Zogu
1%
Luksemburg Joseph Bech
1%
Łotwa Karlis Ulmanis
1%
Estonia Konstantin Pats
1%
Finlandia Kyosti Kallio
1%
Hiszpania Manuel Azana
1%
Jugosławia Paweł Karadziordziewić
1%
Wielka Brytania Stanley Baldwin
1%
Irlandia Eamon de Valera
0%
Rumunia Gheorghe Tatarescu
0%
Holandia Hendrikus Colijn
0%
Belgia Hubert Pierlot
0%
Grecja Joanis Metaksas
0%
Norwegia Johan Nygaardsvold
0%
Austria Kurt Schuschnigg
0%
Szwecja Per Albin Hansson
0%
Nie znaleziono quizów pasujących do podanych kryteriów
Rozkład punktacji
Procent ludzi z każdym wynikiem
Percentyl według liczby udzielonych odpowiedzi
Twoja historia wyników
Nie rozwiązałeś tego quizu